<?xml version="1.0" encoding="UTF-8"?><?xml-stylesheet type="text/xsl" href="static/style.xsl"?><OAI-PMH xmlns="http://www.openarchives.org/OAI/2.0/" xmlns:xsi="http://www.w3.org/2001/XMLSchema-instance" xsi:schemaLocation="http://www.openarchives.org/OAI/2.0/ http://www.openarchives.org/OAI/2.0/OAI-PMH.xsd"><responseDate>2026-05-17T15:48:36Z</responseDate><request verb="GetRecord" identifier="oai:recam.amb.cat:20.500.14439/1349" metadataPrefix="marc">https://recam.amb.cat/rest/oai/request</request><GetRecord><record><header><identifier>oai:recam.amb.cat:20.500.14439/1349</identifier><datestamp>2025-05-07T06:02:38Z</datestamp><setSpec>com_20.500.14439_125</setSpec><setSpec>col_20.500.14439_139</setSpec></header><metadata><record xmlns="http://www.loc.gov/MARC21/slim" xmlns:dcterms="http://purl.org/dc/terms/" xmlns:xsi="http://www.w3.org/2001/XMLSchema-instance" xmlns:doc="http://www.lyncode.com/xoai" xsi:schemaLocation="http://www.loc.gov/MARC21/slim http://www.loc.gov/standards/marcxml/schema/MARC21slim.xsd">
   <leader>00925njm 22002777a 4500</leader>
   <datafield ind2=" " ind1=" " tag="042">
      <subfield code="a">dc</subfield>
   </datafield>
   <datafield ind2=" " ind1=" " tag="720">
      <subfield code="a">Barcelona Regional (Firma)</subfield>
      <subfield code="e">author</subfield>
   </datafield>
   <datafield ind2=" " ind1=" " tag="260">
      <subfield code="c">2018-01-01</subfield>
   </datafield>
   <datafield ind2=" " ind1=" " tag="520">
      <subfield code="a">Aquest treball té com a principal objectiu establir línies estratègiques per a una millora de la biodiversitat i del potencial educatiu dels parcs i les platges de l'àrea metropolitana de Barcelona, tot conciliant-ho amb els respectius valors socials. El pla descriu i diagnostica la situació actual i proposa un conjunt d'actuacions que pretenen millorar les estratègies, els programes i les eines vinculats a l'educació ambiental, a la ciència o a la participació ciutadana. Paral·lelament, el pla pot ser una eina de consulta per als tècnics municipals i altres administracions, centres educatius o públic en general.</subfield>
   </datafield>
   <datafield ind1="8" ind2=" " tag="024">
      <subfield code="a">https://hdl.handle.net/20.500.14439/1349</subfield>
   </datafield>
   <datafield ind1="8" ind2=" " tag="024">
      <subfield code="a">7300099</subfield>
   </datafield>
   <datafield tag="653" ind2=" " ind1=" ">
      <subfield code="a">Biodiversitat</subfield>
   </datafield>
   <datafield tag="653" ind2=" " ind1=" ">
      <subfield code="a">Parcs</subfield>
   </datafield>
   <datafield tag="653" ind2=" " ind1=" ">
      <subfield code="a">Platges</subfield>
   </datafield>
   <datafield ind2="0" ind1="0" tag="245">
      <subfield code="a">Pla de millora de la biodiversitat a la xarxa de parcs i platges de l'àrea metropolitana de Barcelona: Principis rectors i actuacions. Document 1</subfield>
   </datafield>
</record></metadata></record></GetRecord></OAI-PMH>